000 01017nam a22003497a 4500
001 0035901
003 KOHA_MİRAKIL
005 20260207002953.0
007 ta
008 120329b1977 tu |||grd|||#0|||0|tur |
040 _aTR-BiSEU
_btur
_cTR-BiSEU
_erda
041 0 _atur
044 _ctu
050 _aB48.T8
_bH36 1977
100 1 _aHançerlioğlu, Orhan.
245 1 _aFelsefe sözlüğü/
_cOrhan Hançerlioğlu ; Orhan Harçerlioğlu.
250 _a
264 1 _aİstanbul :
_bRemzi Kitabevi
_c1977
300 _a414 sayfa; 24 cm.
336 _ametin
_btxt
_2rdacontent
337 _aaracısız
_bn
_2rdamedia
338 _acilt
_bnc
_2rdacarrier
490 1 _aRemzi Kitabevi.
490 1 _aBüyük fikir kitapları dizisi ;
_v7.
500 _aDizin var.
650 0 _aPhilosophy--Dictionaries.
_934378
650 0 _aFelsefe--Sözlükler.
_934379
830 1 _aRemzi Kitabevi.
_935366
830 1 _aBüyük fikir kitapları dizisi ;
_v7.
_94506
907 _aSözlük
942 _2lcc
_cBK
999 _c35802
_d35802